00580nam a2200133Ia 4500008004100000020001800041082002100059100002900080245009400109260006300203300001100266500012000277650004900397120622s9999 xx 000 0 und d a968-36-1090-0 a382.610972 M843m aMoreno Moreno, Prudencio aMéxico : exportación de manufacturas y capitales, 1970-1988 / Prudencio Moreno Moreno aMéxico : UNAM, Instituto de Investigaciones Económicas a142 p. aIncluye bibliografía \ Segundo lugar : Premio Anual de Investigación Económica "Maestro Jesús Silva Herzog" a1. MEXICO - COMERCIO EXTERIOR - 1970-1988Ì